Percan J.B., Femina dulce malum. La donna nella letteratura medievale latina (secoli X-XIV), coll. Biblioteca medievale. Saggi – Ricerche – Edizioni 1, Roma, Kappa, 2003, 24x17, ix-516 p., 28.50 €. ISBN 88-7890-520-8 (notice n° 1620738)
[ vue normale ]
| 000 -LEADER | |
|---|---|
| fixed length control field | 00632cam a2200133 4500500 |
| 005 - DATE AND TIME OF LATEST TRANSACTION | |
| control field | 20260111091247.0 |
| 041 ## - LANGUAGE CODE | |
| Language code of text/sound track or separate title | fre |
| 042 ## - AUTHENTICATION CODE | |
| Authentication code | dc |
| 245 00 - TITLE STATEMENT | |
| Title | Percan J.B., Femina dulce malum. La donna nella letteratura medievale latina (secoli X-XIV), coll. Biblioteca medievale. Saggi – Ricerche – Edizioni 1, Roma, Kappa, 2003, 24x17, ix-516 p., 28.50 €. ISBN 88-7890-520-8 |
| 260 ## - PUBLICATION, DISTRIBUTION, ETC. | |
| Date of publication, distribution, etc. | 2005.<br/> |
| 500 ## - GENERAL NOTE | |
| General note | 8 |
| 786 0# - DATA SOURCE ENTRY | |
| Note | Nouvelle revue théologique | 127 | 4 | 2005-12-15 | p. 623m-647m | 0029-4845 |
| 856 41 - ELECTRONIC LOCATION AND ACCESS | |
| Uniform Resource Identifier | <a href="https://shs.cairn.info/revue-nouvelle-revue-theologique-2005-4-page-623m?lang=fr&redirect-ssocas=7080">https://shs.cairn.info/revue-nouvelle-revue-theologique-2005-4-page-623m?lang=fr&redirect-ssocas=7080</a> |
Pas d'exemplaire disponible.




Réseaux sociaux